[Event "Junior Online 4NCL Division 1"]
[Site "online"]
[Date "2021.04.01"]
[EventDate "2021.04.01"]
[Round "6.54"]
[White "Zhu, Hou Ning"]
[WhiteElo "1826"]
[WhiteTeam "Ojays A"]
[Black "Moughtin-Leay, John"]
[BlackElo "1337"]
[BlackTeam "Leicestershire Juniors 1"]
[Result "1-0"]
[PlyCount "71"]

1. c4 c5 2. g3 Nc6 3. Bg2 e5 4. Nc3 d6 5. e3 Bf5 6. Nge2 Nb4 7. e4 Nd3+ 8. Kf1 Bg4 9. Qc2 Nb4 10. Qa4+ Nc6 11. f3 Be6 12. Kf2 Be7 13. d3 f5 14. Be3 fxe4 15. Nxe4 Nf6 16. Rhf1 O-O 17. Kg1 Qd7 18. N2c3 a6 19. Kh1 Bh3 20. Nxf6+ Rxf6 21. Nd5 Bxg2+ 22. Kxg2 Rff8 23. Nb6 Qc7 24. Nxa8 Rxa8 25. a3 Bf6 26. Rae1 Ra7 27. Qc2 b5 28. b4 cxb4 29. Bxa7 Nxa7 30. axb4 bxc4 31. Qxc4+ Qxc4 32. dxc4 Nc6 33. b5 axb5 34. cxb5 Na7 35. b6 Nc6 36. Rc1 {[W: 0:05:45; B: 0:08:44]} 1-0

[Event "Junior Online 4NCL Division 1"]
[Site "online"]
[Date "2021.04.01"]
[EventDate "2021.04.01"]
[Round "6.55"]
[White "Cont, Arya"]
[WhiteElo "2189"]
[WhiteTeam "Ojays A"]
[Black "Kerbel, Sasha"]
[BlackElo "1783"]
[BlackTeam "Leicestershire Juniors 1"]
[Result "1-0"]
[PlyCount "47"]

1. b3 e5 2. Bb2 Nc6 3. e3 d5 4. Bb5 Bd6 5. f4 Qe7 6. Nf3 f6 7. Nc3 d4 8. Ne4 a6 9. Bxc6+ bxc6 10. exd4 f5 11. Nxd6+ cxd6 12. dxe5 dxe5 13. Bxe5 Nf6 14. O-O O-O 15. Re1 Qc5+ 16. Bd4 Qd6 17. Be5 Qc5+ 18. d4 Qb6 19. Bxf6 Rxf6 20. Re8+ Kf7 21. Qe2 Bb7 22. Ne5+ Kxe8 23. Nc4+ Kf7 24. Nxb6 {[W: 0:08:02; B: 0:09:58]} 1-0

[Event "Junior Online 4NCL Division 1"]
[Site "online"]
[Date "2021.04.01"]
[EventDate "2021.04.01"]
[Round "6.56"]
[White "Lv, Jason"]
[WhiteElo "1855"]
[WhiteTeam "Leicestershire Juniors 1"]
[Black "Sieczkowski, Adam"]
[BlackElo "1841"]
[BlackTeam "Ojays A"]
[Result "0-1"]
[PlyCount "122"]

1. d4 Nf6 2. Nf3 c5 3. e3 e6 4. c4 cxd4 5. exd4 d5 6. Nc3 Nc6 7. Bg5 Be7 8. Bxf6 Bxf6 9. cxd5 exd5 10. Be2 O-O 11. O-O Be6 12. Qd2 Bg4 13. Ne5 Bxe2 14. Nxc6 bxc6 15. Nxe2 Qb6 16. Rac1 Rfe8 17. Rfd1 Rab8 18. b3 Re4 19. Kf1 Rbe8 20. Re1 Qa6 21. f3 Rxd4 22. Qc2 c5 23. Kf2 c4 24. b4 Rd3 25. a4 Qb6+ 26. Kf1 Qxb4 27. Nf4 Rde3 28. Rxe3 Rxe3 29. Nxd5 Qb3 30. Nxe3 Qxe3 31. Qxc4 h6 32. Qc8+ Kh7 33. Qc2+ g6 34. Re1 Qf4 35. h3 Qh2 36. Qe4 Bc3 37. Re2 Bf6 38. Qe8 Kg7 39. Qe4 h5 40. Ke1 Qg1+ 41. Kd2 Qa1 42. Ke3 Qc1+ 43. Kf2 Qc5+ 44. Kf1 Qc1+ 45. Re1 Qc7 46. Kg1 Qg3 47. Qe2 Bd4+ 48. Kh1 f6 49. Qe7+ Kh6 50. Qe2 Be5 51. Kg1 Qh2+ 52. Kf2 Bd4+ 53. Qe3+ Bxe3+ 54. Rxe3 Qd6 55. g4 h4 56. Ke2 Kg5 57. Re4 f5 58. gxf5 gxf5 59. f4+ Kf6 60. Re5 Qd4 61. Kf3 Qxa4 {[W: 0:00:20; B: 0:00:43]} 0-1

[Event "Junior Online 4NCL Division 1"]
[Site "online"]
[Date "2021.04.01"]
[EventDate "2021.04.01"]
[Round "6.57"]
[White "Hobson, Kenneth"]
[WhiteElo "1857"]
[WhiteTeam "Ojays A"]
[Black "Tang, Joshua"]
[BlackElo "1414"]
[BlackTeam "Leicestershire Juniors 1"]
[Result "1-0"]
[PlyCount "41"]

1. e4 e5 2. Nf3 Nc6 3. Bc4 Nf6 4. d3 Bc5 5. c3 O-O 6. Nbd2 d6 7. h3 Re8 8. Nf1 a6 9. Be3 b5 10. Bb3 Bb7 11. Bxc5 dxc5 12. Ne3 a5 13. O-O a4 14. Bc2 b4 15. Bxa4 bxc3 16. bxc3 Nxe4 17. dxe4 Qxd1 18. Bxd1 Na7 19. Bb3 Nb5 20. Rac1 Ra3 21. Ng5 {[W: 0:04:54; B: 0:04:24]} 1-0

[Event "Junior Online 4NCL Division 1"]
[Site "online"]
[Date "2021.04.01"]
[EventDate "2021.04.01"]
[Round "6.58"]
[White "Moughtin-Leay, John"]
[WhiteElo "1337"]
[WhiteTeam "Leicestershire Juniors 1"]
[Black "Zhu, Hou Ning"]
[BlackElo "1826"]
[BlackTeam "Ojays A"]
[Result "0-1"]
[PlyCount "40"]

1. d4 Nf6 2. c4 b6 3. Nc3 Bb7 4. Bf4 e6 5. d5 Bb4 6. Bg5 Bxc3+ 7. bxc3 O-O 8. dxe6 fxe6 9. f3 h6 10. Bh4 Nc6 11. e4 Qe8 12. Bd3 Ne5 13. Ne2 Ba6 14. Qa4 Nxd3+ 15. Kd2 Nc5 16. Qa3 Bxc4 17. Nd4 Qe7 18. e5 Nce4+ 19. Ke3 Nd5+ 20. Kxe4 Rf4# {[W: 0:08:35; B: 0:06:24]} 0-1

[Event "Junior Online 4NCL Division 1"]
[Site "online"]
[Date "2021.04.01"]
[EventDate "2021.04.01"]
[Round "6.61"]
[White "Ong, Weng Yan"]
[WhiteElo "1677"]
[WhiteTeam "KJCA Young Kestrels B"]
[Black "Shek, Daniel"]
[BlackElo "1617"]
[BlackTeam "Marshall Artists"]
[Result "0-1"]
[PlyCount "95"]

1. e4 c5 2. Nf3 Nc6 3. Bb5 e6 4. O-O a6 5. Bxc6 bxc6 6. c3 d5 7. e5 Ne7 8. d4 Nf5 9. Re1 a5 10. Nbd2 a4 11. Nf1 Be7 12. Ne3 O-O 13. Nxf5 exf5 14. Bd2 Be6 15. Qc1 Qb6 16. Rb1 cxd4 17. cxd4 c5 18. Bc3 c4 19. Ng5 h6 20. Nf3 g5 21. Kh1 f4 22. h3 Bb4 23. Bxb4 Qxb4 24. Qc3 Qxc3 25. bxc3 Rfb8 26. Nd2 Bf5 27. Rxb8+ Rxb8 28. g3 fxg3 29. fxg3 Rb2 30. g4 Rxd2 31. gxf5 Kf8 32. Kg1 Ke7 33. a3 Rc2 34. Re3 Ra2 35. Kf1 Rxa3 36. Kf2 Rb3 37. Kg3 a3 38. Re1 Rxc3+ 39. Kg4 a2 40. Ra1 Ra3 41. Kh5 c3 42. Kxh6 c2 43. Kxg5 c1=Q+ 44. Rxc1 a1=Q 45. Rxa1 Rxa1 46. Kh6 Rh1 47. Kg7 Rxh3 48. f6+ {[W: 0:00:39; B: 0:00:44]} 0-1

[Event "Junior Online 4NCL Division 1"]
[Site "online"]
[Date "2021.04.01"]
[EventDate "2021.04.01"]
[Round "6.62"]
[White "Hamilton, Melissa"]
[WhiteElo "1603"]
[WhiteTeam "Marshall Artists"]
[Black "Dorman, Orla"]
[BlackElo "1676"]
[BlackTeam "KJCA Young Kestrels B"]
[Result "0-1"]
[PlyCount "94"]

1. d4 Nf6 2. Bf4 d5 3. Nf3 c5 4. e3 Nc6 5. Bb5 Qa5+ 6. Nc3 Ne4 7. Bxc6+ bxc6 8. O-O Nxc3 9. bxc3 Qxc3 10. Ne5 Bf5 11. Rc1 cxd4 12. exd4 Rc8 13. Re1 e6 14. Nf3 Bg4 15. Re3 Bxf3 16. Rxf3 Qa5 17. Ra1 Be7 18. Qe2 Qb5 19. Qe3 c5 20. Bg5 cxd4 21. Qf4 Bf6 22. Bxf6 gxf6 23. Qxf6 Rf8 24. Qxd4 Rxc2 25. Qxa7 Qc5 26. Qb8+ Kd7 27. Qb7+ Qc7 28. Qxc7+ Rxc7 29. Kf1 e5 30. Rd3 Ke6 31. Ke2 Rb8 32. Rd2 d4 33. Re1 Ra7 34. Kf3 Kd5 35. Rde2 f6 36. Rc2 Rba8 37. Ra1 e4+ 38. Kf4 d3 39. Rd2 Kd4 40. g4 Rc7 41. Re1 Re8 42. h3 Rc2 43. Red1 Rxd2 44. Rxd2 Rc8 45. a4 Rc2 46. Rd1 Rxf2+ 47. Kg3 Ra2 {[W: 0:02:56; B: 0:04:09]} 0-1

[Event "Junior Online 4NCL Division 1"]
[Site "online"]
[Date "2021.04.01"]
[EventDate "2021.04.01"]
[Round "6.64"]
[White "Deacon, Matthew"]
[WhiteElo "1578"]
[WhiteTeam "Marshall Artists"]
[Black "Ratnesan, Radha"]
[BlackElo "1628"]
[BlackTeam "KJCA Young Kestrels B"]
[Result "0-1"]
[PlyCount "98"]

1. d4 Nf6 2. c4 e6 3. Nc3 Bb4 4. e3 b6 5. Qc2 Bb7 6. f3 d5 7. Nh3 Bxc3+ 8. Qxc3 O-O 9. Bd3 Qd7 10. O-O Re8 11. Bd2 Rd8 12. Rad1 Nc6 13. Bb1 Ne7 14. Qc2 Ng6 15. Nf2 Rac8 16. Nd3 Qe7 17. Ne5 c5 18. Nxg6 hxg6 19. dxc5 Qxc5 20. Qa4 a5 21. cxd5 Rxd5 22. Kh1 Ba6 23. Rfe1 Rcd8 24. Rc1 Qd6 25. Bc3 Kh7 26. Bxf6 gxf6 27. Qh4+ Kg7 28. Qf2 Rh8 29. h3 Rd2 30. Qg1 Qg3 31. Qh2 Qf2 32. Qg1 Qxg1+ 33. Kxg1 Rxb2 34. Rc7 Rd8 35. Ra7 Bc4 36. Rc1 Rb4 37. Kh2 Rd2 38. Kg3 Bxa2 39. Bxa2 Rxa2 40. Rcc7 Rbb2 41. Rxf7+ Kg8 42. Rg7+ Kf8 43. Rgf7+ Ke8 44. Rfe7+ Kf8 45. Rf7+ Kg8 46. Rfb7 Rxg2+ 47. Kf4 Ra4+ 48. e4 e5+ 49. Ke3 Ra3# {[W: 0:03:28; B: 0:00:35]} 0-1

[Event "Junior Online 4NCL Division 1"]
[Site "online"]
[Date "2021.04.01"]
[EventDate "2021.04.01"]
[Round "6.65"]
[White "Shek, Daniel"]
[WhiteElo "1617"]
[WhiteTeam "Marshall Artists"]
[Black "Ong, Weng Yan"]
[BlackElo "1677"]
[BlackTeam "KJCA Young Kestrels B"]
[Result "1-0"]
[PlyCount "73"]

1. d4 d5 2. Bf4 Nf6 3. e3 Bf5 4. Bd3 Bxd3 5. cxd3 e6 6. Nc3 c5 7. dxc5 Bxc5 8. d4 Bb4 9. a3 Ba5 10. b4 Bc7 11. Bg3 O-O 12. Nf3 Nbd7 13. Rc1 Nb6 14. Bxc7 Qxc7 15. Nxd5 Qd6 16. Nxf6+ gxf6 17. O-O Kh8 18. e4 Qf4 19. Qe2 Rg8 20. g3 h5 21. Qe3 Qxe3 22. fxe3 Kg7 23. Rc7 Rab8 24. e5 f5 25. Ng5 Kg6 26. h4 Rgf8 27. e4 Na8 28. exf5+ exf5 29. Rd7 Nb6 30. Rd6+ f6 31. exf6 Rxf6 32. Rxf6+ Kxf6 33. Re1 Rd8 34. Re6+ Kg7 35. Rxb6 axb6 36. Ne6+ Kf6 37. Nxd8 {[W: 0:06:02; B: 0:03:42]} 1-0

[Event "Junior Online 4NCL Division 1"]
[Site "online"]
[Date "2021.04.01"]
[EventDate "2021.04.01"]
[Round "6.66"]
[White "Dorman, Orla"]
[WhiteElo "1676"]
[WhiteTeam "KJCA Young Kestrels B"]
[Black "Hamilton, Melissa"]
[BlackElo "1603"]
[BlackTeam "Marshall Artists"]
[Result "1-0"]
[PlyCount "100"]

1. e4 e5 2. Nf3 d6 3. d4 exd4 4. Nxd4 Nf6 5. Nc3 Be7 6. Bd3 h6 7. O-O O-O 8. f4 Bg4 9. Be2 Bxe2 10. Qxe2 Nbd7 11. Nf3 c6 12. Kh1 b5 13. a3 a5 14. Be3 Qc7 15. Nh4 Nxe4 16. Nf5 Nxc3 17. Nxe7+ Kh8 18. bxc3 c5 19. Nf5 Rab8 20. Qg4 Rg8 21. Rf3 Nf6 22. Qh4 Nh7 23. Raf1 Qd7 24. Ng3 f6 25. Ne2 Rbe8 26. Qh3 Qe7 27. Nc1 d5 28. Qf5 Qe4 29. Qxe4 Rxe4 30. Bxc5 Rc8 31. Bd4 Rc4 32. Nb3 a4 33. Nd2 Rc7 34. Nxe4 dxe4 35. Re3 Re7 36. Rfe1 f5 37. g4 fxg4 38. Rxe4 Rxe4 39. Rxe4 Nf6 40. Bxf6 gxf6 41. Re7 Kg8 42. Kg2 Kf8 43. Rb7 Kg8 44. Rxb5 Kg7 45. Rd5 Kg6 46. c4 h5 47. c5 h4 48. c6 Kf7 49. c7 Ke6 50. Rd1 f5 {[W: 0:07:08; B: 0:00:07]} 1-0

[Event "Junior Online 4NCL Division 1"]
[Site "online"]
[Date "2021.04.01"]
[EventDate "2021.04.01"]
[Round "6.68"]
[White "Ratnesan, Radha"]
[WhiteElo "1628"]
[WhiteTeam "KJCA Young Kestrels B"]
[Black "Deacon, Matthew"]
[BlackElo "1578"]
[BlackTeam "Marshall Artists"]
[Result "1/2-1/2"]
[PlyCount "199"]

1. d4 Nf6 2. c4 g6 3. Nf3 d5 4. e3 Bg7 5. Nc3 O-O 6. Be2 c5 7. O-O Nc6 8. a3 cxd4 9. exd4 dxc4 10. Bxc4 a6 11. Be3 b5 12. Bb3 Bb7 13. Qe2 e6 14. Rad1 Ne7 15. Rc1 Ned5 16. Nxd5 Bxd5 17. Bxd5 Nxd5 18. Rc5 Nxe3 19. fxe3 Rc8 20. Rfc1 Qd7 21. Qc2 Rxc5 22. Qxc5 Bh6 23. Qc3 Qd5 24. Kf2 Bg7 25. Qc6 Qb3 26. Qc3 Qd5 27. Qc6 Qa2 28. Qc3 h6 29. Nd2 Qd5 30. Nf3 g5 31. h3 Kh7 32. Qc6 Qb3 33. Qc3 Qd5 34. Qc6 Qa2 35. Qc3 Bf6 36. Nd2 Qd5 37. Nf3 Kg7 38. Ne5 Rd8 39. Ng4 Qf5+ 40. Kg1 Be7 41. Ne5 Rg8 42. Qd3 Qxd3 43. Nxd3 Ra8 44. Rc7 Kf6 45. Kf2 Bd6 46. Rc6 Bf8 47. Ne5 Ra7 48. g4 b4 49. axb4 Bxb4 50. Nc4 a5 51. e4 a4 52. e5+ Ke7 53. Rb6 Ba5 54. Rb5 Bd8 55. Rb4 Kf8 56. Rb8 Ke7 57. Ke3 Kd7 58. Kd3 Kc7 59. Rb4 Be7 60. Rb5 a3 61. bxa3 Bxa3 62. Kc2 Be7 63. Kb2 Kc6 64. Rb3 Kd5 65. Kc3 Ra1 66. Nb6+ Ke4 67. Kb2 Rd1 68. Kc3 Rh1 69. Kc4 Rc1+ 70. Kb5 f6 71. exf6 Bxf6 72. Rb4 Rd1 73. Nc4 Rxd4 74. Nd6+ Kf3 75. Rxd4 Bxd4 76. Kc4 e5 77. Kd3 Kg3 78. Nf7 Kxh3 79. Nxh6 Kg3 80. Ke4 Bb2 81. Kf5 Kf3 82. Kxg5 e4 83. Nf5 Be5 84. Kh5 Bf4 85. g5 Be5 86. g6 Kf4 87. Ne7 Kf3 88. Nd5 Ke2 89. Kh6 Kd3 90. g7 Bxg7+ 91. Kxg7 Kd4 92. Nb4 Kc4 93. Nc2 Kd3 94. Nb4+ Kd2 95. Nd5 Kd3 96. Kf6 Kd4 97. Nf4 e3 98. Kf5 Kc4 99. Ke4 Kc3 100. Kxe3 {[W: 0:00:45; B: 0:00:38]} 1/2-1/2

[Event "Junior Online 4NCL Division 1"]
[Site "online"]
[Date "2021.04.01"]
[EventDate "2021.04.01"]
[Round "6.71"]
[White "Amir, Zain"]
[WhiteElo "1479"]
[WhiteTeam "Warwickshire Bears C"]
[Black "Chopra, Tanmay"]
[BlackElo "2390"]
[BlackTeam "Harrow Juniors A"]
[Result "0-1"]
[PlyCount "76"]

1. c4 Nf6 2. Nc3 g6 3. g3 Bg7 4. Bg2 O-O 5. e3 e5 6. Nge2 c6 7. O-O Re8 8. Qb3 Na6 9. d4 d6 10. Bd2 Qe7 11. Rfe1 e4 12. h3 g5 13. Qc2 Nb4 14. Qb1 d5 15. cxd5 cxd5 16. Nc1 h5 17. a3 Nc6 18. Qa2 Be6 19. N1e2 Qd7 20. Kh2 Bf8 21. Rac1 Na5 22. b3 Nc6 23. Na4 b6 24. Nac3 Bd6 25. b4 Rac8 26. Nb5 Bb8 27. Rc2 Ne7 28. Nbc3 Nf5 29. Rf1 h4 30. Be1 Kg7 31. Kh1 Rh8 32. g4 Qc7 33. Ng3 hxg3 34. fxg3 Nxg3+ 35. Bxg3 Qxg3 36. Bxe4 Rxh3+ 37. Rh2 Rxh2+ 38. Qxh2 Qxh2# {[W: 0:00:27; B: 0:01:20]} 0-1

[Event "Junior Online 4NCL Division 1"]
[Site "online"]
[Date "2021.04.01"]
[EventDate "2021.04.01"]
[Round "6.72"]
[White "Chopra, Manmay"]
[WhiteElo "1786"]
[WhiteTeam "Harrow Juniors A"]
[Black "Pasha, Farhaan"]
[BlackElo "1430"]
[BlackTeam "Warwickshire Bears C"]
[Result "1-0"]
[PlyCount "55"]

1. e4 e5 2. Nf3 Nc6 3. Bc4 Bc5 4. O-O Nf6 5. d4 exd4 6. e5 Ng4 7. Bxf7+ Kxf7 8. Ng5+ Kg8 9. Qxg4 Nxe5 10. Qe4 Qe7 11. Re1 d6 12. Qd5+ Kf8 13. f4 d3+ 14. Kh1 c6 15. Qe4 Qf6 16. fxe5 dxe5 17. cxd3 Bb4 18. Nc3 Bxc3 19. bxc3 Bf5 20. Ba3+ Ke8 21. Qxe5+ Qxe5 22. Rxe5+ Kd7 23. Rxf5 Ke8 24. Re1+ Kd7 25. Rf7+ Kd8 26. Ree7 Re8 27. Ne6+ Kc8 28. Rxe8# {[W: 0:07:52; B: 0:06:51]} 1-0

[Event "Junior Online 4NCL Division 1"]
[Site "online"]
[Date "2021.04.01"]
[EventDate "2021.04.01"]
[Round "6.73"]
[White "Purushothaman, Amitesh"]
[WhiteElo "1436"]
[WhiteTeam "Warwickshire Bears C"]
[Black "Balasundaram, Sivasatyan"]
[BlackElo "1585"]
[BlackTeam "Harrow Juniors A"]
[Result "0-1"]
[PlyCount "90"]

1. d4 Nf6 2. c4 g6 3. Nc3 Bg7 4. e4 d6 5. Be2 O-O 6. Be3 e5 7. d5 Na6 8. a3 Nc5 9. f3 a5 10. Qc2 Nh5 11. O-O-O a4 12. Bxc5 dxc5 13. Nxa4 b6 14. Nc3 Nf4 15. g3 Nxe2+ 16. Ngxe2 Ba6 17. Nb1 Qf6 18. Rhf1 Rfe8 19. Nd2 c6 20. Nb3 cxd5 21. Rxd5 Rad8 22. Rfd1 Rxd5 23. exd5 Qxf3 24. d6 Bh6+ 25. Kb1 Bb7 26. d7 Rd8 27. Ka1 Bc6 28. Rd6 Rxd7 29. Rxd7 Bxd7 30. Nc3 Bf5 31. Qe2 Qxe2 32. Nxe2 Bd3 33. Nc3 Bxc4 34. Ka2 Bxb3+ 35. Kxb3 Kf8 36. Kc4 Be3 37. Nd5 Bd4 38. b3 f5 39. Kb5 e4 40. Kxb6 c4+ 41. Kb5 cxb3 42. Ka4 b2 43. Nb4 b1=Q 44. Nc6 Qb6 45. Nb4 Bc5 {[W: 0:02:46; B: 0:00:17]} 0-1

[Event "Junior Online 4NCL Division 1"]
[Site "online"]
[Date "2021.04.01"]
[EventDate "2021.04.01"]
[Round "6.74"]
[White "Patel, Krrish"]
[WhiteElo "1579"]
[WhiteTeam "Harrow Juniors A"]
[Black "Nasibova, Margarita"]
[BlackElo "1422"]
[BlackTeam "Warwickshire Bears C"]
[Result "1-0"]
[PlyCount "79"]

1. d4 Nf6 2. Nc3 g6 3. e4 Bg7 4. Bf4 O-O 5. Qd2 d6 6. Nf3 Nbd7 7. O-O-O a5 8. Bc4 c6 9. e5 dxe5 10. dxe5 Nh5 11. e6 Nxf4 12. exd7 Bxd7 13. Qxf4 b5 14. Be2 e6 15. Ne5 Bxe5 16. Qxe5 Qe7 17. Qd6 Qxd6 18. Rxd6 Ra7 19. Rhd1 Rd8 20. Ne4 Kf8 21. Nf6 Ke7 22. Rxd7+ Rdxd7 23. Rxd7+ Rxd7 24. Nxd7 Kxd7 25. Kd2 h6 26. Ke3 g5 27. Bf3 f6 28. Kd4 e5+ 29. Kc5 b4 30. Bxc6+ Kc7 31. c3 bxc3 32. bxc3 f5 33. f3 g4 34. fxg4 fxg4 35. Be4 h5 36. Kb5 h4 37. c4 g3 38. hxg3 hxg3 39. c5 Kd7 40. c6+ {[W: 0:08:57; B: 0:07:45]} 1-0

[Event "Junior Online 4NCL Division 1"]
[Site "online"]
[Date "2021.04.01"]
[EventDate "2021.04.01"]
[Round "6.75"]
[White "Chopra, Tanmay"]
[WhiteElo "2390"]
[WhiteTeam "Harrow Juniors A"]
[Black "Amir, Zain"]
[BlackElo "1479"]
[BlackTeam "Warwickshire Bears C"]
[Result "1-0"]
[PlyCount "35"]

1. e4 Nc6 2. Nf3 d6 3. d4 Nf6 4. Nc3 Bg4 5. Bb5 a6 6. Bxc6+ bxc6 7. h3 Bh5 8. g4 Bg6 9. Qe2 h5 10. g5 Nd7 11. Nh4 e6 12. Nxg6 fxg6 13. Qc4 Ke7 14. Qxc6 e5 15. Nd5+ Kf7 16. Qc4 Nb6 17. Nxb6+ Ke7 18. Nxa8 {[W: 0:09:53; B: 0:09:08]} 1-0

[Event "Junior Online 4NCL Division 1"]
[Site "online"]
[Date "2021.04.01"]
[EventDate "2021.04.01"]
[Round "6.76"]
[White "Pasha, Farhaan"]
[WhiteElo "1430"]
[WhiteTeam "Warwickshire Bears C"]
[Black "Chopra, Manmay"]
[BlackElo "1786"]
[BlackTeam "Harrow Juniors A"]
[Result "0-1"]
[PlyCount "78"]

1. e4 a6 2. Nf3 h6 3. Bc4 e6 4. d3 d6 5. Nc3 Nc6 6. Be3 Nf6 7. Bb3 Be7 8. Qd2 b5 9. O-O Bb7 10. h3 d5 11. exd5 exd5 12. d4 Na5 13. Rae1 Qd7 14. Ne5 Qf5 15. Bf4 Nxb3 16. axb3 g5 17. Bh2 Ne4 18. Nxe4 dxe4 19. Qe3 f6 20. Ng4 h5 21. Nxf6+ Qxf6 22. Be5 Qh6 23. Bxh8 Qxh8 24. f4 g4 25. Qg3 O-O-O 26. c3 gxh3 27. Qxh3+ Kb8 28. Re2 Rg8 29. Qd7 Qf6 30. Qh3 h4 31. b4 Rg3 32. Qh2 Qg7 33. f5 h3 34. f6 Bxf6 35. Rxf6 e3 36. Qxg3 Qxg3 37. Rf8+ Ka7 38. Rf7 Bxg2 39. Rc2 h2# {[W: 0:01:08; B: 0:07:54]} 0-1

[Event "Junior Online 4NCL Division 1"]
[Site "online"]
[Date "2021.04.01"]
[EventDate "2021.04.01"]
[Round "6.77"]
[White "Balasundaram, Sivasatyan"]
[WhiteElo "1585"]
[WhiteTeam "Harrow Juniors A"]
[Black "Purushothaman, Amitesh"]
[BlackElo "1436"]
[BlackTeam "Warwickshire Bears C"]
[Result "0-1"]
[PlyCount "88"]

1. d4 Nf6 2. c4 e6 3. Nc3 Bb4 4. Nf3 d5 5. Bg5 O-O 6. e3 h6 7. Bh4 Nbd7 8. Bd3 c5 9. O-O Qc7 10. cxd5 exd5 11. Rc1 c4 12. Bb1 a6 13. h3 Bxc3 14. Rxc3 Ne4 15. Bxe4 dxe4 16. Nd2 b5 17. Nxe4 Bb7 18. Nd2 Qc6 19. Qf3 Qxf3 20. Nxf3 Bxf3 21. gxf3 Kh7 22. b3 Nb6 23. Rfc1 Rg8 24. Be7 g5 25. Bc5 Nd5 26. R3c2 c3 27. e4 Nf4 28. Kf1 b4 29. Rd1 a5 30. d5 Rad8 31. Bb6 Ra8 32. d6 Ne6 33. d7 Ra6 34. Bd4 Rd6 35. e5 Rxd4 36. Rcc1 Rxd1+ 37. Rxd1 Rd8 38. Ke2 Nc5 39. Rd5 Nxd7 40. Rd4 c2 41. Kd2 c1=Q+ 42. Kxc1 Rc8+ 43. Kd2 Nxe5 44. Rd3 Nxd3 {[W: 0:00:18; B: 0:06:09]} 0-1

[Event "Junior Online 4NCL Division 1"]
[Site "online"]
[Date "2021.04.01"]
[EventDate "2021.04.01"]
[Round "6.78"]
[White "Nasibova, Margarita"]
[WhiteElo "1422"]
[WhiteTeam "Warwickshire Bears C"]
[Black "Patel, Krrish"]
[BlackElo "1579"]
[BlackTeam "Harrow Juniors A"]
[Result "1/2-1/2"]
[PlyCount "121"]

1. c4 e5 2. Nc3 Nf6 3. g3 c6 4. Bg2 d5 5. cxd5 cxd5 6. d3 Bb4 7. Bd2 d4 8. Qa4+ Nc6 9. Bxc6+ bxc6 10. Qxb4 dxc3 11. Qxc3 Qd5 12. Nf3 O-O 13. Qxe5 Be6 14. Qc3 Bg4 15. e4 Nxe4 16. dxe4 Qxe4+ 17. Qe3 Qxf3 18. Qxf3 Bxf3 19. Rg1 Rad8 20. Be3 Rfe8 21. Rc1 c5 22. h3 Rd3 23. g4 c4 24. Rg3 Bd5 25. Ke2 Rb8 26. Rc2 Be4 27. Bxa7 Re8 28. Be3 Red8 29. Rxc4 Bg6 30. Rc3 Rxc3 31. bxc3 Ra8 32. Bd4 Rxa2+ 33. Kf3 h6 34. Rg1 Ra6 35. Re1 Re6 36. Rxe6 fxe6 37. Kf4 Be8 38. Ke5 Kf7 39. c4 g5 40. c5 Bc6 41. f4 gxf4 42. Kxf4 Kg6 43. h4 Be8 44. Ke5 Bc6 45. Kxe6 Bf3 46. Kd6 Bxg4 47. c6 Bf5 48. c7 Kh5 49. Bf2 Kg4 50. Ke7 Kf3 51. Be1 Ke2 52. Bg3 Kf3 53. Be5 Kg4 54. Bf6 Kh5 55. Kd8 Kg6 56. Be7 Kf7 57. h5 Be6 58. Bh4 Bf5 59. Be7 Be6 60. Bh4 Bf5 61. Be7 {[W: 0:05:41; B: 0:04:00]} 1/2-1/2

[Event "Junior Online 4NCL Division 1"]
[Site "online"]
[Date "2021.04.01"]
[EventDate "2021.04.01"]
[Round "6.81"]
[White "Ufland, Mikhail"]
[WhiteElo "1473"]
[WhiteTeam "St Albans Early Knights 2"]
[Black "Triffitt, Bradley"]
[BlackElo "1548"]
[BlackTeam "Hull & York Vikings"]
[Result "0-1"]
[PlyCount "46"]

1. Nf3 d5 2. e3 Nf6 3. c4 Bg4 4. Qb3 e6 5. Qxb7 Nbd7 6. Qb3 c6 7. Be2 Rb8 8. Qc2 Bd6 9. d4 O-O 10. c5 Bc7 11. O-O Re8 12. Nc3 Bxf3 13. Bxf3 e5 14. dxe5 Bxe5 15. Rd1 Qc7 16. h3 Nxc5 17. Ne2 Nce4 18. Nd4 c5 19. Ne2 Red8 20. Nf4 Bxf4 21. exf4 Rbc8 22. b3 Qb6 23. Bb2 c4 {Time forfeit} {[W: 0:00:27; B: 0:00:17]} 0-1

[Event "Junior Online 4NCL Division 1"]
[Site "online"]
[Date "2021.04.01"]
[EventDate "2021.04.01"]
[Round "6.82"]
[White "Kumaar, Sai Chinmayee N"]
[WhiteElo "1485"]
[WhiteTeam "Hull & York Vikings"]
[Black "Ravithas, Abinash"]
[BlackElo "1472"]
[BlackTeam "St Albans Early Knights 2"]
[Result "0-1"]
[PlyCount "102"]

1. d4 d5 2. Bf4 Nf6 3. e3 Bf5 4. c4 e6 5. cxd5 exd5 6. Nf3 Bd6 7. Bg3 Nc6 8. a3 a5 9. Nbd2 O-O 10. Be2 Re8 11. O-O h6 12. Rc1 Bxg3 13. hxg3 Qd6 14. Qb3 Rab8 15. Qd1 Ne4 16. Nxe4 Bxe4 17. Bd3 Bxd3 18. Qxd3 Qg6 19. Qxg6 fxg6 20. Rfe1 Re7 21. Nd2 Rbe8 22. Rc5 Rd7 23. Rb1 Re6 24. Rcc1 Kf7 25. b4 a4 26. Rc2 Na7 27. Rc5 b6 28. Rc2 Nb5 29. Ra1 Rdd6 30. Nb1 Rc6 31. Raa2 Rxc2 32. Rxc2 Ke7 33. Kf1 Kd7 34. Ke2 Nxd4+ 35. Kd3 Nxc2 36. Kxc2 d4 37. exd4 Re2+ 38. Kd3 Rxf2 39. Ke3 Rxg2 40. Kf3 Rb2 41. Nc3 Rb3 42. Ke4 Rxc3 43. Kd5 Rxa3 44. Kc4 Rxg3 45. d5 a3 46. Kb5 a2 47. Kc4 a1=Q 48. Kb5 Qd4 49. Ka6 Qxd5 50. Ka7 Ra3+ 51. Kb8 Ra8# {[W: 0:03:33; B: 0:02:32]} 0-1

[Event "Junior Online 4NCL Division 1"]
[Site "online"]
[Date "2021.04.01"]
[EventDate "2021.04.01"]
[Round "6.83"]
[White "Cowan, James"]
[WhiteElo "1421"]
[WhiteTeam "St Albans Early Knights 2"]
[Black "Wood, Gabriel"]
[BlackElo "1330"]
[BlackTeam "Hull & York Vikings"]
[Result "0-1"]
[PlyCount "106"]

1. d4 e6 2. c4 d5 3. e3 c6 4. Nc3 Nf6 5. Bd2 Nbd7 6. Nf3 Bd6 7. Be2 b6 8. cxd5 cxd5 9. Nb5 Bb8 10. Rc1 O-O 11. O-O a6 12. Nc3 Qc7 13. Nxd5 Qd6 14. Nxf6+ Nxf6 15. Ne5 Bb7 16. Bf3 Ne4 17. Qc2 Nxd2 18. Qxd2 Ra7 19. Bxb7 Rxb7 20. Rc6 Qd5 21. Qc3 Bxe5 22. dxe5 Qxa2 23. Rc8 Rb8 24. Rxf8+ Rxf8 25. Rc1 h6 26. Qa3 Qxa3 27. bxa3 Rd8 28. h3 Rd3 29. Rc6 Rxa3 30. Rxb6 a5 31. Ra6 a4 32. Kh2 Ra1 33. Kg3 a3 34. Kf3 Kf8 35. Ke2 Ke7 36. Kd2 a2 37. f4 Rg1 38. g4 a1=Q 39. Rxa1 Rxa1 40. Kd3 Rh1 41. Ke4 Rxh3 42. f5 exf5+ 43. Kxf5 Rxe3 44. g5 hxg5 45. Kxg5 Rxe5+ 46. Kh4 Kf6 47. Kg4 Rf5 48. Kh3 Rg5 49. Kh2 Kf5 50. Kh1 Kf4 51. Kh2 Kf3 52. Kh1 Kf2 53. Kh2 Rh5# {[W: 0:05:02; B: 0:01:10]} 0-1

[Event "Junior Online 4NCL Division 1"]
[Site "online"]
[Date "2021.04.01"]
[EventDate "2021.04.01"]
[Round "6.84"]
[White "Meredith, Daniel"]
[WhiteElo "1278"]
[WhiteTeam "Hull & York Vikings"]
[Black "Vitvitska, Vasylyna"]
[BlackElo "1327"]
[BlackTeam "St Albans Early Knights 2"]
[Result "0-1"]
[PlyCount "44"]

1. d4 d5 2. c4 e6 3. Nf3 Nc6 4. Nc3 Nf6 5. e3 Bb4 6. Bd2 O-O 7. a3 Be7 8. Bd3 a6 9. O-O dxc4 10. Bxc4 b5 11. Bd3 Nd5 12. Rc1 Bb7 13. Qc2 h6 14. e4 Nxc3 15. Bxc3 Bf6 16. e5 Bg5 17. Nxg5 Qxg5 18. f4 Qg4 19. Rf3 Nxd4 20. Bxd4 Bxf3 21. h3 Qg3 22. Bf2 Qxg2# {[W: 0:04:54; B: 0:00:58]} 0-1